[Event "Titled Tuesday intern op 16th Aug Early"]
[Site "Chess.com INT"]
[Date "2022.08.16"]
[Round "1"]
[White "Vusatiuk, Vladimir"]
[Black "Goltsev, Dmitry"]
[Result "1-0"]
[WhiteElo "2308"]
[BlackElo "2293"]
[PlyCount "95"]
[EventDate "2022.08.16"]
[EventType "swiss (blitz)"]
[EventRounds "11"]
[EventCountry "USA"]
[SourceTitle "EXT 2023"]
[Source "ChessBase"]
[SourceDate "2022.10.05"]
[SourceVersion "1"]
[SourceVersionDate "2022.10.05"]
[SourceQuality "1"]

1. d4 Nf6 2. c4 e6 3. Nc3 Bb4 4. Qc2 Qe7 5. Nf3 b6 6. a3 Bxc3+ 7. Qxc3 Bb7 8. e3 Ne4 9. Qc2 d6 10. Bd3 f5 11. 0-0 Nd7 12. Nd2 Nxd2 13. Bxd2 Nf6 14. f3 0-0 15. b4 g6 16. e4 fxe4 17. fxe4 e5 18. d5 Nh5 19. c5 bxc5 20. bxc5 dxc5 21. Qb3 c4 22. Bxc4 Kg7 23. Rxf8 Rxf8 24. Bb4 c5 25. dxc6 Qd8 26. Bxf8+ Kxf8 27. Rf1+ Kg7 28. cxb7 Qb8 29. Bd5 Nf4 30. Qb2 Kh6 31. Qc2 Qd6 32. Qc8 Qb6+ 33. Kh1 Qb2 34. Rg1 Nd3 35. h3 Nf2+ 36. Kh2 Qd2 37. Qc1 Qf4+ 38. Qxf4+ exf4 39. b8Q g5 40. e5 g4 41. hxg4 Nxg4+ 42. Kh3 Kh5 43. Qe8+ Kg5 44. Qg8+ Kh5 45. Qxg4+ Kh6 46. g3 fxg3 47. Rh1 g2 48. Kxg2# 1-0

[Event "Titled Tuesday intern op 05th Jul Late"]
[Site "Chess.com INT"]
[Date "2022.07.05"]
[Round "2"]
[White "Vusatiuk, Vladimir"]
[Black "Olenik Campa, Rudi"]
[Result "0-1"]
[WhiteElo "2308"]
[BlackElo "2203"]
[PlyCount "92"]
[EventDate "2022.07.05"]
[EventType "swiss (blitz)"]
[EventRounds "11"]
[EventCountry "USA"]
[SourceTitle "CBM 209 Extra"]
[Source "ChessBase"]
[SourceDate "2022.09.30"]
[SourceVersion "1"]
[SourceVersionDate "2022.09.30"]
[SourceQuality "1"]

1. d4 g6 2. h4 h5 3. e4 Bg7 4. Nc3 e6 5. Nf3 Ne7 6. Bg5 b6 7. Bd3 Bb7 8. Qd2 d5 9. e5 a6 10. Nd1 c5 11. c3 c4 12. Bc2 b5 13. Ne3 a5 14. a4 b4 15. cxb4 axb4 16. Qxb4 Nbc6 17. Qxb7 Qa5+ 18. Ke2 Rb8 19. Qxb8+ Nxb8 20. Nd1 Nbc6 21. Bd2 Qb6 22. a5 Qa6 23. Nc3 0-0 24. Na4 Qb5 25. Nc5 Ra8 26. Bc3 Nxa5 27. Ra4 Nec6 28. Rha1 Bf8 29. Nd7 Bb4 30. Rxb4 Nxb4 31. Ba4 Qb7 32. Nc5 Qb8 33. Nd7 Qc7 34. Bxb4 Nc6 35. Nf6+ Kg7 36. Bc3 Qb6 37. Ne1 Nxd4+ 38. Kf1 Nb3 39. Ra3 d4 40. Bxb3 Rxa3 41. bxa3 cxb3 42. Bb2 Qc5 43. Ne4 Qxe5 44. f3 Qb5+ 45. Kf2 e5 46. Nd3 Qxd3 0-1

[Event "Titled Tuesday intern op 05th Jul Late"]
[Site "Chess.com INT"]
[Date "2022.07.05"]
[Round "4"]
[White "Vusatiuk, Vladimir"]
[Black "Rosenberg, Evan"]
[Result "1/2-1/2"]
[WhiteElo "2308"]
[BlackElo "2016"]
[PlyCount "99"]
[EventDate "2022.07.05"]
[EventType "swiss (blitz)"]
[EventRounds "11"]
[EventCountry "USA"]
[SourceTitle "CBM 209 Extra"]
[Source "ChessBase"]
[SourceDate "2022.09.30"]
[SourceVersion "1"]
[SourceVersionDate "2022.09.30"]
[SourceQuality "1"]

1. d4 Nf6 2. c4 e6 3. Nf3 b6 4. g3 Ba6 5. b3 Bb4+ 6. Bd2 Be7 7. Bg2 d5 8. 0-0 0-0 9. Ne5 c6 10. a4 Nfd7 11. cxd5 Nxe5 12. dxe5 cxd5 13. b4 Bc4 14. Na3 b5 15. axb5 Qc7 16. Rc1 Nd7 17. Nxc4 dxc4 18. Bxa8 Rxa8 19. Qc2 Rc8 20. Qe4 Nb6 21. Be3 Nd5 22. Bc5 Bxc5 23. bxc5 Qxc5 24. h4 h6 25. g4 c3 26. g5 hxg5 27. hxg5 g6 28. Kg2 Kg7 29. Rh1 Rh8 30. Rxh8 Kxh8 31. Rh1+ Kg8 32. Qf3 Qd4 33. e4 Ne7 34. Qf6 Qxe4+ 35. f3 Qe2+ 36. Kg3 Nf5+ 37. Kf4 Qe3+ 38. Kg4 Qd4+ 39. Kh3 Qh4+ 40. Kg2 Qg3+ 41. Kf1 Qxf3+ 42. Kg1 Qg3+ 43. Kf1 Qd3+ 44. Kf2 Qe3+ 45. Kg2 Qe2+ 46. Kg1 Qe1+ 47. Kg2 Qg3+ 48. Kf1 Qf3+ 49. Kg1 Qg3+ 50. Kf1 1/2-1/2

[Event "Titled Tuesday intern op 28th Jun Late"]
[Site "Chess.com INT"]
[Date "2022.06.28"]
[Round "6"]
[White "Averjanov, Alexey"]
[Black "Vusatiuk, Vladimir"]
[Result "0-1"]
[WhiteElo "2399"]
[BlackElo "2308"]
[PlyCount "68"]
[EventDate "2022.06.28"]
[EventType "swiss (blitz)"]
[EventRounds "11"]
[EventCountry "USA"]
[SourceTitle "CBM 209 Extra"]
[Source "ChessBase"]
[SourceDate "2022.09.30"]
[SourceVersion "1"]
[SourceVersionDate "2022.09.30"]
[SourceQuality "1"]

1. d4 Nf6 2. c4 e6 3. Nf3 d5 4. e3 a6 5. Nbd2 dxc4 6. Bxc4 b5 7. Be2 Bb7 8. a4 b4 9. b3 Be7 10. Bb2 Nbd7 11. 0-0 0-0 12. Rc1 c5 13. Nc4 Rc8 14. Qc2 Qc7 15. Rfd1 Rfd8 16. Nfe5 Nxe5 17. dxe5 Be4 18. Bd3 Rxd3 19. Rxd3 Nd5 20. f3 Bxd3 21. Qxd3 Rd8 22. Qc2 Nb6 23. Nd6 Bxd6 24. exd6 Qxd6 25. Qxc5 Qxc5 26. Rxc5 Rd1+ 27. Kf2 Rd2+ 28. Kg3 Rxb2 29. Rc6 Nd7 30. Rxa6 Rxb3 31. a5 Rxe3 32. Ra8+ Nf8 33. a6 Ra3 34. a7 b3 0-1

[Event "Titled Tuesday intern op 28th Jun Late"]
[Site "Chess.com INT"]
[Date "2022.06.28"]
[Round "2"]
[White "Gokerkan, Cem Kaan"]
[Black "Vusatiuk, Vladimir"]
[Result "0-1"]
[WhiteElo "2465"]
[BlackElo "2308"]
[PlyCount "110"]
[EventDate "2022.06.28"]
[EventType "swiss (blitz)"]
[EventRounds "11"]
[EventCountry "USA"]
[SourceTitle "CBM 209 Extra"]
[Source "ChessBase"]
[SourceDate "2022.09.30"]
[SourceVersion "1"]
[SourceVersionDate "2022.09.30"]
[SourceQuality "1"]

1. e4 e6 2. d4 d5 3. Nd2 c5 4. exd5 Qxd5 5. Ngf3 cxd4 6. Bc4 Qd7 7. 0-0 Nc6 8. Nb3 a6 9. Qe2 b5 10. Bd3 Nf6 11. Rd1 Qc7 12. a4 b4 13. Bg5 Be7 14. Nbxd4 Nxd4 15. Nxd4 0-0 16. Bxf6 Bxf6 17. Qe4 g6 18. Qxa8 Bb7 19. Qa7 Ra8 20. Nxe6 Qc6 21. Qxb7 Qxb7 22. Nc5 Qc8 23. Be4 Ra7 24. Rd5 Rc7 25. Nd3 Rxc2 26. Nxb4 Rc1+ 27. Rd1 Rxa1 28. Rxa1 Qc4 29. Nd5 Bxb2 30. Re1 Qxa4 31. g3 h5 32. Bf3 Kg7 33. Re7 Bf6 34. Rb7 Qc6 35. Rc7 Qb5 36. Kg2 a5 37. Nf4 Be5 38. Rb7 Qe8 39. Nd5 a4 40. Nb4 a3 41. Ra7 Qb5 42. Nc6 Bd6 43. Nd8 Qb2 44. Rxf7+ Kh6 45. Ne6 a2 46. Ra7 a1Q 47. Rxa1 Qxa1 48. Nf4 Bxf4 49. gxf4 Qf6 50. Kg3 h4+ 51. Kg4 Qf5+ 52. Kxh4 Qxf4+ 53. Bg4 Qxf2+ 54. Kh3 Kg5 55. Bc8 Qf3# 0-1

[Event "Titled Tuesday intern op 28th Jun Late"]
[Site "Chess.com INT"]
[Date "2022.06.28"]
[Round "3"]
[White "Vusatiuk, Vladimir"]
[Black "Zhigalko, Sergei"]
[Result "0-1"]
[WhiteElo "2308"]
[BlackElo "2572"]
[PlyCount "70"]
[EventDate "2022.06.28"]
[EventType "swiss (blitz)"]
[EventRounds "11"]
[EventCountry "USA"]
[SourceTitle "CBM 209 Extra"]
[Source "ChessBase"]
[SourceDate "2022.09.30"]
[SourceVersion "1"]
[SourceVersionDate "2022.09.30"]
[SourceQuality "1"]

1. d4 Nf6 2. c4 e6 3. Nc3 Bb4 4. Qc2 0-0 5. a3 Bxc3+ 6. Qxc3 d6 7. Bg5 Nbd7 8. e3 b6 9. Nf3 Bb7 10. Be2 Qe8 11. Qd3 Ne4 12. Bh4 f5 13. 0-0-0 b5 14. cxb5 a6 15. Nd2 axb5 16. f3 Nef6 17. e4 fxe4 18. fxe4 b4 19. axb4 Nb6 20. b5 Qg6 21. Bf3 Nfd5 22. Nc4 Ra1+ 23. Kd2 Qh6+ 24. Ne3 Rxd1+ 25. Kxd1 Nxe3+ 26. Ke2 Nxg2 27. Bg3 Nf4+ 28. Bxf4 Qxf4 29. Rg1 Qxh2+ 30. Rg2 Qf4 31. d5 exd5 32. Qc3 d4 33. Qxd4 Qxf3+ 34. Ke1 Qxg2 35. Qxg7+ Kxg7 0-1

[Event "Titled Tuesday intern op 28th Jun Late"]
[Site "Chess.com INT"]
[Date "2022.06.28"]
[Round "5"]
[White "Yuan, Qingyu"]
[Black "Vusatiuk, Vladimir"]
[Result "1-0"]
[WhiteElo "2373"]
[BlackElo "2308"]
[PlyCount "177"]
[EventDate "2022.06.28"]
[EventType "swiss (blitz)"]
[EventRounds "11"]
[EventCountry "USA"]
[SourceTitle "CBM 209 Extra"]
[Source "ChessBase"]
[SourceDate "2022.09.30"]
[SourceVersion "1"]
[SourceVersionDate "2022.09.30"]
[SourceQuality "1"]

1. e4 e6 2. d4 d5 3. e5 c5 4. c3 Nc6 5. Nf3 Nge7 6. Na3 cxd4 7. cxd4 Nf5 8. Nc2 Bd7 9. Bd3 Qb6 10. 0-0 Be7 11. Rb1 a5 12. Bxf5 exf5 13. Bg5 Bxg5 14. Nxg5 h6 15. Nf3 0-0 16. h4 Be6 17. Qd2 Nb4 18. Nxb4 axb4 19. b3 Rfc8 20. Rfc1 Qa5 21. Rb2 Rc3 22. Rbc2 Rac8 23. Ne1 Qc7 24. a3 Qe7 25. Rxc3 bxc3 26. Rxc3 Rxc3 27. Qxc3 Qxa3 28. Nd3 b6 29. h5 Kh7 30. g3 Qa2 31. Kg2 Qe2 32. Nf4 Qe4+ 33. Kh2 b5 34. Kg1 Qb1+ 35. Kg2 Qe4+ 36. Kg1 Qb1+ 37. Kh2 Qf1 38. Qd2 Qb1 39. b4 Qf1 40. Qe2 Qb1 41. Qxb5 Qb2 42. Kg2 Qxd4 43. Qc5 Qe4+ 44. Kg1 Qe1+ 45. Kh2 Qxe5 46. b5 Qb8 47. b6 Bc8 48. Nxd5 g5 49. Qc7 Qb7 50. Ne7 Qxc7 51. bxc7 Bd7 52. c8Q Bxc8 53. Nxc8 Kg7 54. Nd6 Kf6 55. Kg2 Ke6 56. Nc4 Kd5 57. Nb6+ Ke4 58. f3+ Ke3 59. Nc4+ Kd4 60. Nd6 f4 61. gxf4 gxf4 62. Nxf7 Kd5 63. Nxh6 Ke5 64. Ng4+ Kf5 65. h6 Kg6 66. Kf2 Kh7 67. Ke2 Kg6 68. Kd2 Kh7 69. Kc3 Kg6 70. Kb4 Kh7 71. Ka5 Kg6 72. Ka6 Kh7 73. Kb6 Kg6 74. Kc5 Kh7 75. Kc4 Kg6 76. Kd4 Kh7 77. Ke4 Kg6 78. Ke5 Kh7 79. Kf5 Kg8 80. Kg5 Kh7 81. Kxf4 Kg8 82. Kg5 Kh7 83. f4 Kg8 84. Kg6 Kh8 85. f5 Kg8 86. f6 Kh8 87. Ne5 Kg8 88. h7+ Kh8 89. Nf7# 1-0

[Event "Titled Tuesday intern op 21st Jun Early"]
[Site "Chess.com INT"]
[Date "2022.06.21"]
[Round "9"]
[White "Begunov, Konstantin"]
[Black "Vusatiuk, Vladimir"]
[Result "1-0"]
[WhiteElo "2325"]
[BlackElo "2308"]
[PlyCount "71"]
[EventDate "2022.06.21"]
[EventType "swiss (blitz)"]
[EventRounds "11"]
[EventCountry "USA"]
[SourceTitle "EXT 2023"]
[Source "ChessBase"]
[SourceDate "2022.10.05"]
[SourceVersion "1"]
[SourceVersionDate "2022.10.05"]
[SourceQuality "1"]

1. d4 e6 2. c4 Nf6 3. Nf3 a6 4. Nc3 d5 5. cxd5 exd5 6. Bg5 Be7 7. Qc2 0-0 8. e3 Be6 9. Bd3 h6 10. Bh4 Nbd7 11. 0-0 c6 12. Rab1 Re8 13. b4 Nh5 14. Bxe7 Qxe7 15. Na4 Bg4 16. Nc5 g6 17. Nxd7 Qxd7 18. Ne5 Qc8 19. Bxg6 Rxe5 20. Bh7+ Kh8 21. dxe5 Qe6 22. f3 Qxe5 23. fxg4 Qxe3+ 24. Kh1 Nf4 25. Rbe1 Qd4 26. Qf2 Qxf2 27. Rxf2 Kxh7 28. Rxf4 Kg6 29. Re7 a5 30. h4 axb4 31. Rexf7 Rxa2 32. R4f5 Ra1+ 33. Kh2 h5 34. g5 Rf1 35. Rxf1 b3 36. R1f6# 1-0

[Event "Titled Tuesday intern op 21st Jun Early"]
[Site "Chess.com INT"]
[Date "2022.06.21"]
[Round "3"]
[White "Taichman, Ori"]
[Black "Vusatiuk, Vladimir"]
[Result "1-0"]
[WhiteElo "2269"]
[BlackElo "2308"]
[PlyCount "55"]
[EventDate "2022.06.21"]
[EventType "swiss (blitz)"]
[EventRounds "11"]
[EventCountry "USA"]
[SourceTitle "EXT 2023"]
[Source "ChessBase"]
[SourceDate "2022.10.05"]
[SourceVersion "1"]
[SourceVersionDate "2022.10.05"]
[SourceQuality "1"]

1. e4 e6 2. d4 d5 3. Nc3 Nf6 4. Bg5 dxe4 5. Nxe4 Be7 6. Bxf6 gxf6 7. Nf3 f5 8. Nc3 a6 9. Bd3 b5 10. Qd2 Bb7 11. 0-0-0 Nd7 12. d5 Bf6 13. dxe6 fxe6 14. Rhe1 Nc5 15. Qh6 Kf7 16. Bxf5 Qg8 17. Rd7+ Ke8 18. Rxe6+ Kxd7 19. Qxf6 Nxe6 20. Ne5+ Kd6 21. Nf7+ Qxf7 22. Qxf7 Rae8 23. b4 Rhf8 24. Qxh7 Re7 25. Qh3 Nf4 26. Qg4 Nxg2 27. Qd4+ Kc6 28. Qc5# 1-0